000 00703nam a2200229Ia 4500
005 20250508163854.0
008 008 250505s9999 xx 000 0 eng d
020 _a0-7619-1652-0
037 _aReference
040 _aFEDL
_beng
_cFEDL
041 _aeng
_2eng
084 _a362.4, ALB
_qFEDL
100 _aAlbrecht Gary L Ed.
245 0 _aHandbook of disability studies
260 _aCalifornia, USA
_bSage Publications
_c2001
300 _aix'852p
365 _aUSD
_b89.95
650 _aDisability studies; Sociology of disability - Handbooks
_9776622
700 _a Seelman Katherine D Ed. Bury Michael Ed.
_9776623
942 _cREF
_h362.4, ALB
999 _c1385723
_d1385723